[Event "Xtracon Chess Open 2017"]
[Site "Helsingor DEN"]
[Date "2017.07.25"]
[Round "5.174"]
[White "Persson, Lars 1958"]
[Black "Magnussen, Pal"]
[Result "0-1"]
[WhiteElo "1590"]
[BlackElo "1881"]
[WhiteFideId "1742469"]
[BlackFideId "1711814"]
[EventDate "2017.07.22"]

1. d4 Nf6 2. Bf4 d5 3. e3 g6 4. h3 Bg7 5. Bd3 Nbd7 6. Nf3 c5 7. c3 O-O 8. O-O
Re8 9. Ne5 c4 10. Bc2 Nxe5 11. Bxe5 Qb6 12. Qc1 Bh6 13. b4 Nd7 14. Bf4 Bg7 15.
a4 e5 16. Bh2 a6 17. Re1 f5 18. a5 Qe6 19. Nd2 e4 20. Ba4 Rf8 21. Bxd7 Bxd7 22.
Bc7 g5 23. Nf1 Rf7 24. Qd1 Qh6 25. f3 f4 26. Nh2 Bxh3 27. gxh3 Rxc7 28. Ra2 Rf8
29. fxe4 dxe4 30. Qg4 Qg6 31. Rf2 h5 32. Qg2 f3 33. Qg3 Rcf7 34. h4 Rf5 35. Kh1
Kh7 36. Rg1 Bh6 37. Qc7+ R8f7 38. Qxc4 g4 39. Nf1 Qf6 40. Rh2 Qg6 41. Rg3 Bf8
42. Rg1 f2 43. Rgg2 Bd6 44. Qe2 Bxh2 45. Kxh2 Qf6 46. Kh1 Rf3 47. Qc2 Qg6 48. d5
g3 49. d6 Qg4 50. Rxg3 Rxg3 51. Nxg3 Qh3# 0-1

[Event "Xtracon Chess Open 2017"]
[Site "Helsingor DEN"]
[Date "2017.07.25"]
[Round "5.175"]
[White "Andersen, Daniel"]
[Black "Rasmussen, Ole"]
[Result "1-0"]
[WhiteTitle "FM"]
[WhiteElo "1856"]
[BlackElo "1577"]
[WhiteFideId "1402714"]
[BlackFideId "1417118"]
[EventDate "2017.07.22"]

1. c4 Nf6 2. Nc3 g6 3. e4 d6 4. d4 Bg7 5. f3 O-O 6. Be3 e5 7. Nge2 a6 8. Qd2 Re8
9. O-O-O Nbd7 10. g4 exd4 11. Nxd4 Ne5 12. g5 Nfd7 13. f4 Nc6 14. Nxc6 bxc6 15.
Bg2 Qe7 16. Bd4 Rb8 17. Rhe1 Qf8 18. Bh3 Nb6 19. Bxg7 Qxg7 20. Bf1 Be6 21. c5
dxc5 22. e5 Red8 23. Qf2 c4 24. h4 Qf8 25. h5 Nd5 26. Qg3 Nxc3 27. Qxc3 Qc5 28.
hxg6 fxg6 29. Bh3 Bxh3 30. Qxh3 Qe7 31. Rh1 Rxd1+ 32. Rxd1 Qf7 33. Qg4 c3 34. b3
Rf8 35. Rd4 a5 36. Kc2 Re8 37. Kxc3 c5 38. Re4 Qd5 39. Qe2 Kf7 40. Qc4 Ke6 41.
Re3 c6 42. Rd3 Qxc4+ 43. Kxc4 Kf5 44. Rf3 Rc8 45. Kxc5 Ke6 46. a4 Kf5 47. Kb6 c5
48. Kxa5 c4 49. bxc4 Rxc4 50. Kb5 Rc1 51. a5 Rb1+ 52. Ka6 Ke4 53. Rf2 Kf5 54.
Ka7 Ke6 55. a6 Kd7 56. Rh2 1-0

[Event "Xtracon Chess Open 2017"]
[Site "Helsingor DEN"]
[Date "2017.07.25"]
[Round "5.176"]
[White "Trost, Martin"]
[Black "Ronnestad, Liam Jansson"]
[Result "1-0"]
[WhiteElo "1844"]
[BlackElo "1569"]
[WhiteFideId "1710737"]
[BlackFideId "1523384"]
[EventDate "2017.07.22"]

1. e4 c5 2. b3 Nc6 3. Bb2 d6 4. Nc3 Nf6 5. d3 g6 6. Nd5 Bg7 7. Nxf6+ Bxf6 8.
Bxf6 exf6 9. g3 O-O 10. Bg2 Re8 11. Ne2 d5 12. O-O d4 13. Nf4 Be6 14. Qd2 Kg7
15. Rae1 Qd7 16. h4 Ne5 17. f3 h5 18. Kh2 Rh8 19. Nxe6+ Qxe6 20. Bh3 Qd6 21. f4
Nc6 22. Qf2 Rae8 23. Bg2 Rhf8 24. Qf3 Nb4 25. Qf2 b5 26. a3 Nc6 27. Qf3 Nd8 28.
g4 hxg4 29. Qxg4 Qe6 30. Qg3 a5 31. Bh3 Qe7 32. f5 Qe5 33. Rf4 Rh8 34. fxg6 fxg6
35. Rg1 Rh6 36. Rg4 Qxg3+ 37. R4xg3 Kf7 38. Bd7 Re5 39. Rg4 b4 40. axb4 axb4 41.
Ra1 Re7 42. Bb5 Ke6 43. Ra6+ Ke5 44. Bc4 Rc7 45. Bd5 g5 46. Rxg5+ Kf4 47. Rf5+
Ke3 48. h5 Rch7 49. Raxf6 Rxh5+ 50. Rxh5 Rxh5+ 51. Kg2 Kd2 52. Rf2+ Kc3 53. Rf8
Kxc2 54. Rxd8 Kxd3 55. Rf8 Kc3 56. Rf3+ d3 57. Bc4 Kd4 58. Bxd3 Rg5+ 59. Kf2 Kc3
60. Bc4+ Kd4 61. Bd5 Ke5 62. Ke3 Rh5 63. Kd3 Kd6 64. Rf6+ Ke5 65. Re6+ Kf4 66.
Kc4 Rh8 67. Kxc5 Rc8+ 68. Kxb4 Rb8+ 69. Kc5 1-0

[Event "Xtracon Chess Open 2017"]
[Site "Helsingor DEN"]
[Date "2017.07.25"]
[Round "5.177"]
[White "Maselli, David"]
[Black "Nielsen, Jorgen Kamp"]
[Result "0-1"]
[WhiteElo "1568"]
[BlackElo "1751"]
[WhiteFideId "2814159"]
[BlackFideId "1413279"]
[EventDate "2017.07.22"]

1. d4 d5 2. c4 c6 3. Nc3 e6 4. e3 Nf6 5. Nf3 Nbd7 6. Bd3 dxc4 7. Bxc4 b5 8. Bd3
Bb7 9. O-O a6 10. Qe2 c5 11. a3 Bd6 12. e4 cxd4 13. Nxd4 O-O 14. Bg5 Nc5 15. Bc2
h6 16. Bxh6 Bxh2+ 17. Kxh2 Qxd4 18. Be3 Qd6+ 19. g3 Ncxe4 20. Nxe4 Nxe4 21. Bxe4
Bxe4 22. Bf4 Qd5 23. Rfd1 Qf5 24. f3 Bd5 25. Rh1 g5 26. Be5 Bxf3 0-1

[Event "Xtracon Chess Open 2017"]
[Site "Helsingor DEN"]
[Date "2017.07.25"]
[Round "5.179"]
[White "Svensson, Anders 1980"]
[Black "Hina, Ariza"]
[Result "1-0"]
[WhiteElo "1723"]
[BlackElo "1555"]
[WhiteFideId "1727818"]
[BlackFideId "1525441"]
[EventDate "2017.07.22"]

1. e4 e5 2. Nf3 Nc6 3. Bb5 Nf6 4. d3 Bc5 5. c3 d6 6. O-O O-O 7. h3 Be6 8. Re1 a6
9. Ba4 b5 10. Bc2 Ba7 11. Bg5 h6 12. Bh4 g5 13. Bg3 g4 14. hxg4 Bxg4 15. Nbd2
Nh5 16. Nf1 Qf6 17. Ne3 Qg7 18. Nxg4 Qxg4 19. Nd4 Qxd1 20. Bxd1 Nxd4 21. Bh2 Nf6
22. cxd4 Bxd4 23. Rc1 c5 24. Re2 Kh7 25. Kh1 Rg8 26. Rec2 Rg5 27. f4 Rg7 28.
fxe5 dxe5 29. Bg1 Bxg1 30. Kxg1 Rag8 31. Bf3 Rg3 32. Kf2 h5 33. Rxc5 Kh6 34. Rc8
Rxc8 35. Rxc8 h4 36. Rc6 Kg5 37. Rxa6 Nh5 38. Bxh5 Kxh5 39. Rd6 f6 40. Rd8 Rg7
41. Rb8 Ra7 42. a3 Rd7 43. Rxb5 Rxd3 44. Rd5 Rb3 45. Rd2 Kg4 46. Re2 Kf4 47. Ke1
Rd3 48. Kf2 Rb3 49. Kf1 Rb6 50. Ke1 Rd6 51. Kf1 Rd3 52. Kg1 Kg3 53. Rf2 Rd1+ 54.
Rf1 Rd2 55. Rf3+ Kg4 56. Rf2 Rd1+ 57. Kh2 Rb1 58. b4 Rb3 59. Rf3 Rb2 60. Rxf6 h3
61. Rg6+ Kf4 62. Kxh3 Kxe4 63. Rg3 Kf4 64. Rf3+ Kg5 65. Kg3 Ra2 66. Re3 e4 67.
Rxe4 Rxa3+ 68. Kf2 Kf5 69. Re3 Ra4 70. Rb3 Kf4 71. Rb2 Kg4 72. Ke3 Kf5 73. Kd4
Ke6 74. Kc5 Kd7 75. Kb6 Kc8 76. b5 Ra8 77. Kc6 Rb8 78. b6 1-0

[Event "Xtracon Chess Open 2017"]
[Site "Helsingor DEN"]
[Date "2017.07.25"]
[Round "5.180"]
[White "Christiansen, Torsten Sundgaar"]
[Black "Jacobsen, Fredrik Lytomt"]
[Result "1-0"]
[WhiteElo "1718"]
[BlackElo "1551"]
[WhiteFideId "1419714"]
[BlackFideId "1519808"]
[EventDate "2017.07.22"]

1. d4 d5 2. e3 Nf6 3. Bd3 e6 4. f4 c6 5. Nf3 Nbd7 6. Nbd2 Bd6 7. Ne5 Bxe5 8.
fxe5 Ng8 9. O-O b6 10. e4 Bb7 11. exd5 cxd5 12. Qh5 Qe7 13. a4 g6 14. Qh3 O-O-O
15. a5 Kb8 16. c3 f6 17. axb6 Nxb6 18. exf6 Nxf6 19. Nb3 Nfd7 20. Qg3+ Ka8 21.
Bg5 Qg7 22. Rxa7+ Kxa7 23. Ra1+ Na4 24. Rxa4+ Kb6 25. Qd6+ Bc6 26. Ra6+ Kb7 27.
Qxc6+ Kb8 28. Ra8# 1-0

[Event "Xtracon Chess Open 2017"]
[Site "Helsingor DEN"]
[Date "2017.07.25"]
[Round "5.181"]
[White "Jacobsen, Caroline Beer"]
[Black "Kirkebaekke, Mark"]
[Result "0-1"]
[WhiteElo "1538"]
[BlackElo "1716"]
[WhiteFideId "1510649"]
[BlackFideId "1414917"]
[EventDate "2017.07.22"]

1. e4 e5 2. Nf3 Nc6 3. Bb5 Bc5 4. O-O d6 5. h3 f5 6. exf5 e4 7. Qe2 Qe7 8. Bxc6+
bxc6 9. Ng5 Bxf5 10. d3 d5 11. dxe4 dxe4 12. Re1 Nf6 13. Nd2 O-O 14. Nb3 Bb6 15.
Qc4+ Kh8 16. Bf4 Nd5 17. Bg3 Qxg5 18. Kh1 e3 19. Re2 exf2 20. Bxf2 Nf4 21. Bxb6
cxb6 22. Rf2 Be6 23. Qc3 Bd5 24. Kh2 Rf6 25. g3 Nh5 26. Raf1 Raf8 27. Nd2 Rxf2+ 0-1

[Event "Xtracon Chess Open 2017"]
[Site "Helsingor DEN"]
[Date "2017.07.25"]
[Round "5.182"]
[White "Gardarsson, Hordur"]
[Black "Hestholm, Sverre"]
[Result "0-1"]
[WhiteElo "1710"]
[BlackElo "1531"]
[WhiteFideId "2303604"]
[BlackFideId "1529161"]
[EventDate "2017.07.22"]

1. e4 e5 2. Nc3 Nf6 3. f4 d5 4. fxe5 Nxe4 5. Nf3 Nxc3 6. bxc3 c5 7. d4 Be7 8.
Be2 O-O 9. O-O Nc6 10. Be3 Be6 11. Rb1 Rb8 12. Qd2 Qa5 13. dxc5 Bxc5 14. Bxc5
Qxc5+ 15. Kh1 Rfc8 16. Bd3 Ne7 17. Qg5 Ng6 18. h4 Qxc3 19. h5 h6 20. Qg3 Nf8 21.
Rbe1 Qb4 22. Nh2 Rc3 23. Rf4 Qc5 24. Ref1 Nh7 25. Nf3 a6 26. Rf6 Nxf6 27. exf6
Qf8 28. fxg7 Qd8 29. Qe5 Rc6 30. Nd4 Qd6 31. Qf6 Qd8 32. Qxh6 Qh4+ 33. Kg1 Qxd4+
34. Kh1 Qxg7 35. Qf4 Re8 36. h6 Qg4 37. h7+ Kh8 38. Qd2 Qh4+ 39. Kg1 Qd4+ 40.
Kh1 Rc3 41. Rf4 Qe5 42. g3 Bd7 0-1

[Event "Xtracon Chess Open 2017"]
[Site "Helsingor DEN"]
[Date "2017.07.25"]
[Round "5.183"]
[White "Yilmaz, Kazim"]
[Black "Olsen, Kim Alex"]
[Result "1-0"]
[WhiteElo "1527"]
[BlackElo "1706"]
[WhiteFideId "1514326"]
[BlackFideId "1406663"]
[EventDate "2017.07.22"]

1. e4 b6 2. d4 e6 3. c4 c5 4. d5 Bb7 5. Nc3 exd5 6. exd5 Nf6 7. Nf3 d6 8. Bd3
Be7 9. O-O O-O 10. Re1 Re8 11. Bg5 Nbd7 12. Qd2 Qc7 13. Re2 h6 14. Bh4 Ne5 15.
Nxe5 dxe5 16. Bg3 Nd7 17. Nb5 Qb8 18. Bf5 Bg5 19. Qc2 Bc8 20. d6 f6 21. Nc7 Rd8
22. Be6+ Kh8 23. h4 Bf4 24. Bxf4 exf4 25. Bxd7 Bxd7 26. Rae1 Qb7 27. Nxa8 Qxa8
28. f3 Qc6 29. Qg6 Rf8 30. Re7 Rg8 31. Qf7 Qxd6 32. Rxd7 1-0

[Event "Xtracon Chess Open 2017"]
[Site "Helsingor DEN"]
[Date "2017.07.25"]
[Round "5.184"]
[White "Kristensen, Lars Ostergaard"]
[Black "Jensen, Jonbert M. S."]
[Result "0-1"]
[WhiteElo "1701"]
[BlackElo "1515"]
[WhiteFideId "1415018"]
[BlackFideId "1435914"]
[EventDate "2017.07.22"]

1. d4 d5 2. c4 e6 3. Nc3 Nf6 4. cxd5 exd5 5. Bg5 Be7 6. Qc2 O-O 7. e3 c6 8. Bd3
h6 9. Bh4 Ne4 10. Bxe7 Qxe7 11. Nxe4 dxe4 12. Bxe4 Nd7 13. Nf3 Nf6 14. Bd3 Nd5
15. O-O Be6 16. a3 Rac8 17. b4 Rc7 18. Qd2 Rd8 19. Rac1 Qd6 20. e4 Ne7 21. Rc3
Ng6 22. Rfc1 Re7 23. Rc5 Bg4 24. e5 Qd7 25. Bxg6 fxg6 26. R5c4 Bxf3 27. Qc2 Qg4
28. Kf1 Qxg2+ 29. Ke1 Rxe5+ 0-1

[Event "Xtracon Chess Open 2017"]
[Site "Helsingor DEN"]
[Date "2017.07.25"]
[Round "5.186"]
[White "Hein, Jacob"]
[Black "Nielsen, Peter"]
[Result "0-1"]
[WhiteElo "1479"]
[BlackElo "1694"]
[WhiteFideId "1402870"]
[BlackFideId "1707485"]
[EventDate "2017.07.22"]

1. Nf3 c5 2. b3 Nc6 3. Bb2 Nf6 4. e3 d6 5. h3 e5 6. d4 e4 7. Nfd2 d5 8. c4 Be6
9. a3 b6 10. Nc3 dxc4 11. Nxc4 cxd4 12. exd4 Be7 13. Ne5 Nxe5 14. dxe5 Nd7 15.
Nxe4 O-O 16. Bd3 Nc5 17. Nxc5 Bxc5 18. O-O Qg5 19. Qf3 Rad8 20. Rae1 Qd2 21.
Bxh7+ Kxh7 22. Qh5+ Qh6 23. Qf3 Bd5 24. Qf5+ Qg6 25. Qf4 Qxg2# 0-1

[Event "Xtracon Chess Open 2017"]
[Site "Helsingor DEN"]
[Date "2017.07.25"]
[Round "5.187"]
[White "Leonhardsen, Vebjorn Maanum"]
[Black "Nielsen, Leo Kresten Roland"]
[Result "1/2-1/2"]
[WhiteElo "1443"]
[BlackElo "1688"]
[WhiteFideId "1539515"]
[BlackFideId "1426095"]
[EventDate "2017.07.22"]

1. d4 d5 2. c4 e6 3. Nc3 c6 4. cxd5 exd5 5. Nf3 Bb4 6. Qb3 Qd6 7. e3 Nf6 8. Bd2
O-O 9. Bd3 a5 10. O-O Bg4 11. Be2 Bxc3 12. Bxc3 b5 13. a3 Nbd7 14. Qd1 Ne4 15.
h3 Bh5 16. Qe1 Nxc3 17. Qxc3 Nf6 18. Rfc1 Rfc8 19. Qc2 Ne4 20. Ne5 Bxe2 21. Qxe2
f6 22. Nf3 b4 23. Nd2 f5 24. Nxe4 fxe4 25. Qc2 Kf7 26. axb4 Qxb4 27. Qc3 Qb5 28.
Ra3 a4 29. Rca1 c5 30. dxc5 Rxc5 31. Qe5 Ra6 32. Rc3 Rxc3 33. Qxc3 Rc6 34. Qa3
Rc2 35. Qxa4 Rxb2 36. Qxb5 Rxb5 37. Ra7+ Kf6 38. Ra6+ Kg5 39. Ra7 Kh6 40. Kh2
Rb2 41. Kg3 Rd2 42. Ra6+ g6 43. Ra7 Rd3 44. Rd7 Rd2 45. Ra7 Rd3 46. Rd7 1/2-1/2

[Event "Xtracon Chess Open 2017"]
[Site "Helsingor DEN"]
[Date "2017.07.25"]
[Round "5.188"]
[White "Larsen, Mette Dalsgaard"]
[Black "Tjora, Alexander"]
[Result "1-0"]
[WhiteElo "1679"]
[BlackElo "1434"]
[WhiteFideId "1430718"]
[BlackFideId "1528203"]
[EventDate "2017.07.22"]

1. d4 Nf6 2. c4 g6 3. Nf3 Bg7 4. e3 O-O 5. Nc3 d5 6. Be2 dxc4 7. Bxc4 c5 8. O-O
Nc6 9. Qd2 Bg4 10. Be2 cxd4 11. Nxd4 Nxd4 12. exd4 Bf5 13. Qf4 Rc8 14. Be3 h5
15. Rac1 Ng4 16. h3 Bh6 17. Qf3 Nxe3 18. fxe3 e5 19. Rcd1 exd4 20. Rxd4 Qg5 21.
Rf4 Qe7 22. Nd5 Qe5 23. Rb4 Rc5 24. e4 b6 25. Nc3 Be6 26. Rd1 Qg5 27. Kh1 Bg7
28. Nd5 Rfc8 29. a3 Rc2 30. Rb5 Rxb2 31. Rxb2 Bxb2 32. Qd3 Rc1 33. Bf3 Rxd1+ 34.
Bxd1 Be5 35. Qf3 Qg3 36. Ne7+ Kf8 37. Qxg3 Bxg3 38. Nc6 a5 39. Nd4 Bd7 40. a4
Bf2 41. Nf3 Bc6 42. Bc2 Ke7 43. Kh2 h4 44. Ne5 Be8 45. Nd3 Bg3+ 46. Kg1 Kd6 47.
Kf1 Kc6 48. Ke2 Bd7 49. Ke3 Be6 50. Kd4 Bh2 51. Ne1 Bg1+ 52. Ke5 Kc5 53. Nf3 Be3
54. Nxh4 Ba2 55. Nf3 Bc1 56. Kf6 Bb2+ 57. Ke7 Ba3 58. Kf6 Kb4 59. e5 Bb2 60. Ng5
Bb3 61. Bxb3 Kxb3 62. Nxf7 Kxa4 63. Kxg6 Bxe5 64. Nxe5 b5 65. h4 b4 66. h5 b3
67. Nd3 Ka3 68. h6 b2 69. Nxb2 Kxb2 70. h7 a4 71. h8=Q+ 1-0

[Event "Xtracon Chess Open 2017"]
[Site "Helsingor DEN"]
[Date "2017.07.25"]
[Round "5.189"]
[White "Madsen, Svend"]
[Black "Aasen, Fredrik"]
[Result "1/2-1/2"]
[WhiteElo "1673"]
[BlackElo "1430"]
[WhiteFideId "1419846"]
[BlackFideId "1539060"]
[EventDate "2017.07.22"]

1. e4 e6 2. d4 d5 3. e5 c5 4. c3 Nc6 5. Nf3 Qb6 6. Bd3 Bd7 7. O-O cxd4 8. cxd4
Nxd4 9. Nbd2 Bc5 10. Nxd4 Bxd4 11. Nf3 Bc5 12. b4 Be7 13. Be3 Qd8 14. Qd2 f6 15.
exf6 Bxf6 16. Bg5 Qb6 17. Rac1 Be7 18. Bxe7 Nxe7 19. Qg5 Qxb4 20. Ne5 Bc6 21.
Nxc6 bxc6 22. Rb1 Qd4 23. Qh5+ Kd7 24. Qh3 Qf6 25. Rb7+ Kd6 26. Ba6 Rab8 27.
Qa3+ c5 28. Qg3+ e5 29. Rxb8 Rxb8 30. Qa3 Qf5 31. Rc1 Rb1 32. Qxc5+ Ke6 33. Bc8+
Nxc8 34. Qxc8+ Kd6 35. Qc5+ Ke6 36. Qc6+ Ke7 37. h3 Rxc1+ 38. Qxc1 Kf6 39. Qc6+
Qe6 40. Qc5 a6 41. Qf8+ Qf7 42. Qa3 Qe6 43. g4 Kf7 44. Qb2 Kf8 45. Qb8+ Kf7 46.
Qc7+ Kf8 47. Qb8+ 1/2-1/2

[Event "Xtracon Chess Open 2017"]
[Site "Helsingor DEN"]
[Date "2017.07.25"]
[Round "5.190"]
[White "Nielsen, Bjorn"]
[Black "Sidali, Elias Hulleberg"]
[Result "0-1"]
[WhiteElo "1353"]
[BlackElo "1672"]
[WhiteFideId "1416839"]
[BlackFideId "1530518"]
[EventDate "2017.07.22"]

1. e4 c5 2. Bc4 e6 3. e5 Nc6 4. Nf3 d6 5. a3 Qc7 6. Qe2 d5 7. Ba2 Nge7 8. O-O
Nf5 9. d3 Nfd4 10. Nxd4 Nxd4 11. Qd1 Qxe5 12. f4 Qe2 13. Nc3 Qxd1 14. Rxd1 Nxc2
15. Rb1 Be7 16. Rd2 Nd4 17. Rf2 0-1

[Event "Xtracon Chess Open 2017"]
[Site "Helsingor DEN"]
[Date "2017.07.25"]
[Round "5.191"]
[White "Madsen, Dennis"]
[Black "Aasen, Joakim"]
[Result "1-0"]
[WhiteElo "1671"]
[BlackElo "1386"]
[WhiteFideId "1425919"]
[BlackFideId "1539078"]
[EventDate "2017.07.22"]

1. d4 d5 2. e4 dxe4 3. Nc3 Nf6 4. f3 exf3 5. Nxf3 Bg4 6. h3 Bxf3 7. gxf3 e6 8.
Bg5 Be7 9. Qd2 Nc6 10. O-O-O a6 11. h4 h6 12. Be3 O-O 13. Bxh6 gxh6 14. Rg1+ Kh8
15. Qxh6+ Nh7 16. Qg7# 1-0

[Event "Xtracon Chess Open 2017"]
[Site "Helsingor DEN"]
[Date "2017.07.25"]
[Round "5.192"]
[White "Shehzad, Kasher"]
[Black "Jacobsen, Jerlow Lytomt"]
[Result "1/2-1/2"]
[WhiteElo "1650"]
[BlackElo "1415"]
[WhiteFideId "1521934"]
[BlackFideId "1521390"]
[EventDate "2017.07.22"]

1. e4 e6 2. Nc3 d5 3. exd5 exd5 4. Qf3 Nf6 5. d4 Nc6 6. Bb5 g6 7. Bg5 Bg7 8.
Nge2 Be6 9. O-O O-O 10. a3 Bg4 11. Qg3 Bxe2 12. Nxe2 Qc8 13. Bxc6 Ne4 14. Qe3
bxc6 15. Bh6 Bxh6 16. Qxh6 Re8 17. f3 Nd6 18. Nf4 Nf5 19. Qg5 Qd8 20. Qxd8 Raxd8
21. c3 Ne3 22. Rfe1 Nc4 23. Nd3 Rb8 24. Rxe8+ Rxe8 25. b3 Nd2 26. Nc5 Rb8 27.
Ra2 Nb1 28. c4 dxc4 29. bxc4 Rd8 30. Ra1 Nd2 31. Na6 Rxd4 32. c5 Nb3 33. Re1 Ra4
34. Nxc7 Rxa3 35. Re8+ Kg7 36. Ra8 Nxc5 37. Ne8+ Kh6 38. Rc8 Rc3 39. Rc7 a5 40.
Rxf7 Rc1+ 41. Kf2 Nd3+ 42. Kg3 a4 43. Nf6 a3 44. Ra7 Rc3 45. Ng4+ Kg5 46. h4+
Kf5 47. Re7 a2 48. Nh6+ Kf6 1/2-1/2

[Event "Xtracon Chess Open 2017"]
[Site "Helsingor DEN"]
[Date "2017.07.25"]
[Round "5.193"]
[White "Dahl, Ian"]
[Black "Loveid, Erik"]
[Result "0-1"]
[WhiteElo "1347"]
[BlackElo "1640"]
[WhiteFideId "1520210"]
[BlackFideId "1520067"]
[EventDate "2017.07.22"]

1. e4 e6 2. d4 d5 3. exd5 exd5 4. Bd3 Nf6 5. Ne2 Be7 6. O-O O-O 7. Bf4 Nc6 8.
Nd2 Bg4 9. f3 Bh5 10. Nb3 Re8 11. Qd2 Bg6 12. Bxg6 hxg6 13. Rfe1 Nh5 14. c3 b6
15. Kf2 f5 16. g3 Rf8 17. Qd3 Qd7 18. Bd2 Rf7 19. Nf4 Nxf4 20. Bxf4 g5 21. Be5
Nxe5 22. dxe5 Qe6 23. Kg2 c5 24. Rad1 Rd8 25. Re2 Qh6 26. Qb5 g4 27. f4 g5 28.
fxg5 Bxg5 29. e6 Re7 30. Qc6 f4 31. Kf1 fxg3 32. Kg1 gxh2+ 33. Rxh2 Qxe6 34. Qb5
Be3+ 35. Kf1 Rf8+ 0-1

[Event "Xtracon Chess Open 2017"]
[Site "Helsingor DEN"]
[Date "2017.07.25"]
[Round "5.195"]
[White "Cort Maleeva Hansen, Andreas Philip"]
[Black "Wallin, Kenneth"]
[Result "0-1"]
[WhiteElo "1308"]
[BlackElo "1633"]
[WhiteFideId "1462636"]
[BlackFideId "1712861"]
[EventDate "2017.07.22"]

1. e4 c5 2. Nf3 a6 3. a3 b5 4. b3 Nc6 5. Bb2 d5 6. exd5 Qxd5 7. c4 Qe6+ 8. Qe2
Na5 9. Qxe6 Bxe6 10. Ng5 Bd7 11. b4 Nb3 12. Ra2 Nf6 13. cxb5 axb5 14. bxc5 Nxc5
15. Be2 h6 16. Nf3 b4 17. d4 b3 18. Ra1 Na4 19. Bc3 b2 20. Ra2 Nxc3 21. Nxc3 Rc8
22. Kd2 Rb8 23. Rb1 e6 24. Kc2 Bd6 25. h3 O-O 26. Ne5 Rfc8 27. Bf3 Be8 28. Rbxb2
Nd5 29. Rxb8 Rxc3+ 30. Kb2 Bxb8 31. Bxd5 Rc8 32. Bf3 Ba7 33. d5 Bd4+ 34. Kb3
Bxe5 35. dxe6 fxe6 36. a4 Bg6 37. a5 Bd4 38. Kb4 e5 39. Bd1 Bf7 40. Rc2 Rb8+ 41.
Ka3 Rb3+ 42. Ka4 Rb1 43. Bf3 Bb3+ 0-1

[Event "Xtracon Chess Open 2017"]
[Site "Helsingor DEN"]
[Date "2017.07.25"]
[Round "5.196"]
[White "Gelders, Eline"]
[Black "Starup, Leo"]
[Result "1/2-1/2"]
[WhiteElo "1298"]
[BlackElo "1629"]
[WhiteFideId "249025"]
[BlackFideId "1422669"]
[EventDate "2017.07.22"]

1. e4 c5 2. Nc3 d6 3. f4 e6 4. Nf3 Nc6 5. d3 b6 6. g3 Bb7 7. Bg2 g6 8. Be3 Bg7
9. Qd2 Nf6 10. h3 Qe7 11. d4 cxd4 12. Nxd4 Nxd4 13. Qxd4 Nh5 14. Qa4+ Kf8 15.
Bf2 Nf6 16. Rd1 Nd7 17. Qb4 Bxc3+ 18. Qxc3 Nf6 19. O-O Rg8 20. Rfe1 Rd8 21. Bd4
Ne8 22. Rd2 Rc8 23. Qe3 Ng7 24. b3 1/2-1/2

[Event "Xtracon Chess Open 2017"]
[Site "Helsingor DEN"]
[Date "2017.07.25"]
[Round "5.197"]
[White "Petersen, Jan"]
[Black "Von Knobloch, Hanno"]
[Result "0-1"]
[WhiteElo "1628"]
[BlackElo "1356"]
[WhiteFideId "1426320"]
[BlackFideId "12993247"]
[EventDate "2017.07.22"]

1. d4 d5 2. c4 e6 3. Nc3 Nf6 4. cxd5 exd5 5. Bg5 Be7 6. e3 O-O 7. Bd3 c6 8. Qc2
h6 9. Bh4 Nbd7 10. Nge2 b6 11. O-O Bb7 12. e4 Nxe4 13. Bxe7 Qxe7 14. Nxe4 dxe4
15. Bxe4 Rac8 16. Rac1 Nf6 17. Ng3 Nxe4 18. Qxe4 Rfe8 19. Qc2 c5 20. dxc5 Rxc5
21. Qb1 Qg5 22. Rxc5 Qxc5 23. Rd1 Qc6 24. f3 Qc5+ 25. Kh1 Qg5 26. Qd3 Qd5 27.
Qxd5 Bxd5 28. a3 Bb3 29. Rc1 g6 30. Kg1 Kg7 31. Kf2 a5 32. Rc7 b5 33. Rb7 Bc4
34. b3 Bxb3 35. Rxb5 a4 36. Ne4 Rd8 37. Ra5 Rd4 38. Ke3 Rd1 39. Nc5 Bc2 40. Ke2
Rd5 41. Ke3 g5 42. g3 h5 43. f4 gxf4+ 44. Kxf4 Rf5+ 45. Ke3 Rd5 46. h4 Kh7 47.
Kf4 Rf5+ 48. Ke3 Rd5 49. Kf2 Rf5+ 50. Kg2 Bd1 51. Kh2 Rf2+ 52. Kg1 Ra2 53. Ra7
Rxa3 54. Rxf7+ Kg6 55. Rf1 Rxg3+ 56. Kh2 Rc3 57. Rxd1 Rxc5 58. Rd6+ Kf5 59. Ra6
Rc4 60. Ra5+ Kg4 61. Kg2 Kxh4 62. Ra8 Rc2+ 63. Kg1 Ra2 64. Ra5 Kg4 65. Ra8 Kh3
66. Ra5 h4 67. Rc5 Ra3 68. Ra5 Ra1+ 69. Kf2 a3 70. Rh5 a2 71. Ra5 Kh2 72. Ra4 h3
73. Ra3 Rg1 74. Rxa2 Rg2+ 0-1

[Event "Xtracon Chess Open 2017"]
[Site "Helsingor DEN"]
[Date "2017.07.25"]
[Round "5.198"]
[White "Jansson, Helge"]
[Black "Huse, Arne Kjelsbol"]
[Result "1/2-1/2"]
[WhiteElo "1627"]
[BlackElo "1352"]
[WhiteFideId "1523198"]
[BlackFideId "1520709"]
[EventDate "2017.07.22"]

1. e4 e5 2. Nf3 Nc6 3. d4 d6 4. dxe5 dxe5 5. Qxd8+ Kxd8 6. Bc4 f6 7. h3 Bc5 8.
O-O Ke7 9. Nc3 Bd7 10. Nd5+ Kd8 11. c3 Nge7 12. Rd1 Nxd5 13. Bxd5 Ke7 14. b4 Bb6
15. b5 Nd8 16. Ba3+ Ke8 17. Bc4 g5 18. Rd3 h5 19. Rad1 Rh7 20. Kf1 g4 21. Ng1 c6
22. bxc6 Bxc6 23. Rd6 Bxe4 24. Rxf6 Rh8 25. Be6 Nxe6 26. Rxe6+ Kf7 27. Re7+ Kf6
28. Rdd7 Rad8 29. Rf7+ Kg5 30. Bc1+ Kg6 31. Rg7+ Kf5 32. Rgf7+ Kg6 33. Rg7+ Kf5
34. Rgf7+ Kg6 35. Rg7+ 1/2-1/2

[Event "Xtracon Chess Open 2017"]
[Site "Helsingor DEN"]
[Date "2017.07.25"]
[Round "5.199"]
[White "Larsen, Hans Haagen"]
[Black "Pouliart, Sander"]
[Result "1-0"]
[WhiteElo "1627"]
[BlackElo "1236"]
[WhiteFideId "1409557"]
[BlackFideId "251062"]
[EventDate "2017.07.22"]

1. e4 e6 2. d4 d5 3. e5 c5 4. c3 Nc6 5. Nf3 Bd7 6. Be2 Qb6 7. O-O Nge7 8. Na3
cxd4 9. cxd4 Nf5 10. Nc2 Be7 11. a3 O-O 12. b4 Rac8 13. Bb2 a5 14. b5 Na7 15. a4
Rc7 16. Qd2 Rfc8 17. Rfc1 f6 18. Bd3 fxe5 19. Nxe5 Bf6 20. Bxf5 exf5 21. Ba3 g6
22. Bc5 Rxc5 23. Nxd7 Rxc2 24. Rxc2 Rxc2 25. Nxf6+ Qxf6 26. Qxc2 Qxd4 27. Rd1
Qe4 28. Qxe4 dxe4 29. Rd7 Nc8 30. Rxb7 Nd6 31. Ra7 Nc4 32. Kf1 f4 33. Ke2 h5 34.
h4 Kf8 35. Ra6 Kf7 36. b6 1-0